| 000 | 00000nam 2200000zi 4500 |
| 001 | 9.946675 |
| 003 | CaOODSP |
| 005 | 20250219114531 |
| 006 | m o d f |
| 007 | cr cn||||||||| |
| 008 | 250109t20252025qucb o f000 0 fre d |
| 020 | |a9780660751658 |
| 040 | |aCaOODSP|bfre|erda|cCaOODSP |
| 043 | |an-cn--- |
| 086 | 1 |aEn14-31/2025F-PDF |
| 245 | 00|aFonds pour dommages à l'environnement : |bguide du demandeur. |
| 264 | 1|aGatineau, Québec : |bEnvironnement et changement climatique Canada = Environment and Climate Change Canada, |c[2025] |
| 264 | 4|c©2025 |
| 300 | |a1 ressource en ligne (iv, 21 pages) : |bcarte en couleur |
| 336 | |atexte|btxt|2rdacontent/fre |
| 337 | |ainformatique|bc|2rdamedia/fre |
| 338 | |aressource en ligne|bcr|2rdacarrier/fre |
| 500 | |aPublié aussi en anglais sous le titre : Environmental Damages Fund: applicant guide. |
| 500 | |a« EC4056. » |
| 650 | 6|aEnvironnement|xProtection|zCanada|xFinances. |
| 650 | 6|aEnvironnement|xPolitique gouvernementale|zCanada. |
| 650 | 6|aTaxe écologique|xPolitique gouvernementale|zCanada. |
| 710 | 1 |aCanada. |bEnvironnement et changement climatique Canada, |eorganisme de publication. |
| 775 | 08|tEnvironmental Damages Fund : |w(CaOODSP)9.946674 |
| 795 | |tFonds pour dommages à l'environnement : |w(CaOODSP)9.935769 |
| 856 | 40|qPDF|s4.81 Mo|uhttps://publications.gc.ca/collections/collection_2025/eccc/En14-31-2025-fra.pdf |